| 000 | 005920000a22001930004500 | ||
|---|---|---|---|
| 041 | 0 | _aSPA | |
| 082 | 0 | 4 | _aG 270.92 B673j |
| 100 | 1 | _aBoff, Leonardo | |
| 245 | 1 | 0 | _aJesucristo el liberador : Ensayo sobre la cristología crítica para nuestro tiempo / Leonardo Boff ; M. E. Rodríguez, Traductor |
| 250 | _a4 | ||
| 260 | _aBogotá, Colombia : Indo-American | ||
| 300 | _a270 Pag | ||
| 500 | _aTitulo original : Jesus Cristo Libertador | ||
| 001 | 8392 | ||
| 942 | _cBK | ||
| 999 |
_c38555 _d38555 |
||
| 336 |
_atexto _btxt _2rdacontent |
||
| 337 |
_2rdamedia _asin mediación _bn |
||
| 338 |
_2rdacarrier _avolumen _bnc |
||